000 00290nam a22001337a 4500
008 170609b xxu||||| |||| 00| 0 eng d
020 _a9780786884407
041 _aeng
080 _a94(100)
100 _a17
101 _aSHH
245 _aBETRAYAL OF TRUST
_cGARRETT,L
942 _2udc
_cBK
999 _c16602
_d16602